| 000 | 00596ngm a22002050a 4500 | ||
|---|---|---|---|
| 001 | PT33854 | ||
| 003 | AR-LpoUNG | ||
| 005 | 20210201232315.0 | ||
| 007 | co ||u|||uuuuu | ||
| 008 | 191001suuuu||||ag |||||||||||||||||por d | ||
| 040 |
_aAR-LpoUNG _bspa _cAR-LpoUNG _eaacr |
||
| 041 | _apor | ||
| 082 | 0 | _a334.01 668cat | |
| 100 | 1 |
_aDomenico Lajolo, Roberto _ecoor. |
|
| 245 | 1 | 0 |
_aCooperativa de catadores de materiais recicláveis : _bmateriais de apoio |
| 260 |
_as.l. _bIPT, _cs.f. |
||
| 710 | 2 | _aInstituto de Pesquisas Tecnológicas do Estado de São Paulo | |
| 905 | _a33854 | ||
| 942 | _cCDDVD | ||
| 999 |
_c53314 _d53314 |
||